| 000 | 00340nam a22000977a 4500 | ||
|---|---|---|---|
| 082 | _a355.ML HRM'Y | ||
| 245 | _aARMY PERSONAL DOCUMENTATION REGULATIONS (PROVISIONAL) GUIDE TO THE PREPARATION OF REGIMENTAL ORDERS AND MAINTENANCE OF PERSONAL DOCUMENTS OFFICERS JCOS AND ORS | ||
| 260 |
_aRAWALPINDI _bGHQ _c1960 |
||
| 300 | _a134P | ||
| 942 | _cBK | ||
| 999 |
_c570074 _d570074 |
||